| 000 | 01106cam a22003374a 4500 | ||
|---|---|---|---|
| 001 | 14059689 | ||
| 003 | OSt | ||
| 005 | 20140310184452.0 | ||
| 008 | 050801s2005 nyu d 000 1 eng d | ||
| 010 | _a 2005280119 | ||
| 020 | _a0439686261 | ||
| 024 | 3 | 1 |
_a9780439686266 _d51895 |
| 035 | _a(OCoLC)ocm60644102 | ||
| 040 |
_aUPZ _cUPZ _dBAKER _dDLC |
||
| 042 |
_alcac _alccopycat |
||
| 050 | 0 | 0 |
_aPZ 7 _b.H55738 2005 |
| 100 | 1 |
_aHill, Stuart. _928054 |
|
| 245 | 1 | 4 |
_aThe cry of the Icemark / _cStuart Hill. |
| 250 | _a1st American ed. | ||
| 260 |
_aNew York : _bScholastic, _c2005. |
||
| 300 |
_a472 p. ; _c24 cm. |
||
| 500 | _aSimultaneously published in the United Kingdom: Somerset : Chicken House, 2005. | ||
| 521 | _aG12 | ||
| 526 | _c1140 | ||
| 650 | 1 |
_aFantasy. _93293 |
|
| 856 | 4 | 2 |
_3Publisher description _uhttp://www.loc.gov/catdir/enhancements/fy1116/2005280119-d.html |
| 906 |
_a7 _bcbc _ccopycat _d2 _encip _f20 _gy-gencatlg |
||
| 942 |
_2lcc _cBK-SCHOLAS |
||
| 999 |
_c34594 _d34594 |
||